Catálogo

Terapia narrativa centrada en soluciones / (Registro nro. 40089)

Detalles MARC
000 -LEADER
fixed length control field 01389nam a2200361 i 4500
001 - CONTROL NUMBER
control field 40089
003 - CONTROL NUMBER IDENTIFIER
control field Mx-PuUPA
005 - DATE AND TIME OF LATEST TRANSACTION
control field 20250620141436.0
008 - FIXED-LENGTH DATA ELEMENTS--GENERAL INFORMATION
fixed length control field 140415s1988 gr 001 0 spa d
017 ## - COPYRIGHT OR LEGAL DEPOSIT NUMBER
Copyright or legal deposit number BI-353-2019
020 ## - INTERNATIONAL STANDARD BOOK NUMBER
International Standard Book Number 9788433030412
040 ## - CATALOGING SOURCE
Transcribing agency Mx-PuUPA
Original cataloging agency Mx-PuUPA
Language of cataloging spa
Modifying agency Mx-PuUPA
Description conventions rda
041 1# - LANGUAGE CODE
Language code of text/sound track or separate title spa
Language code of original eng
100 1# - MAIN ENTRY--PERSONAL NAME
Personal name Metcalf, Linda,
Dates associated with a name 1951-
Relator term autor
9 (RLIN) 17195
240 10 - UNIFORM TITLE
Uniform title Solution focused narrative therapy.
Language of a work Español
245 10 - TITLE STATEMENT
Title Terapia narrativa centrada en soluciones /
Statement of responsibility, etc. Linda Metcalf ; traducción, Begoña Merino
264 #1 - PRODUCTION, PUBLICATION, DISTRIBUTION, MANUFACTURE, AND COPYRIGHT NOTICE
Place of production, publication, distribution, manufacture Bilbao, España :
Name of producer, publisher, distributor, manufacturer Editorial Desclée de Brouwer,
Date of production, publication, distribution, manufacture, or copyright notice 2019
300 ## - PHYSICAL DESCRIPTION
Extent 271 páginas ;
Dimensions 21 cm
336 ## - CONTENT TYPE
Fuente rdacontent
Content type term texto
Content type code txt
337 ## - MEDIA TYPE
Source rdamedia
Media type term sin medio
Media type code n
338 ## - CARRIER TYPE
Source rdacarrier
Carrier type term volumen
Carrier type code nc
490 0# - SERIES STATEMENT
Series statement Biblioteca de Psicología ;
Volume/sequential designation 239
650 #7 - SUBJECT ADDED ENTRY--TOPICAL TERM
Source of heading or term armarc
Topical term or geographic name entry element Terapia narrativa
650 #7 - SUBJECT ADDED ENTRY--TOPICAL TERM
Source of heading or term armarc
Topical term or geographic name entry element Psicoterapia breve
650 #7 - SUBJECT ADDED ENTRY--TOPICAL TERM
Source of heading or term armarc
Topical term or geographic name entry element Psicoterapia familiar
650 #7 - SUBJECT ADDED ENTRY--TOPICAL TERM
Source of heading or term armarc
Topical term or geographic name entry element Terapia breve centrada en soluciones
700 1# - ADDED ENTRY--PERSONAL NAME
Personal name Merino, Begoña,
Relator term traductor
765 1# - ORIGINAL LANGUAGE ENTRY
Main entry heading Metcalf, Linda
Title Solution focused narrative therapy
Place, publisher, and date of publication New York, USA : Springer Publishing Company, ©2017
942 ## - ADDED ENTRY ELEMENTS (KOHA)
Source of classification or shelving scheme Dewey Decimal Classification
Koha item type Libro
Classification part 616.89165
Item part M5818
Existencias
Withdrawn status Lost status Source of classification or shelving scheme Damaged status Not for loan Collection code Home library Current library Shelving location Date acquired Source of acquisition Cost, normal purchase price Total Checkouts Full call number Barcode Date last seen Copy number Cost, replacement price Price effective from Koha item type
    Dewey Decimal Classification     General Biblioteca Karol Wojtyla Biblioteca Karol Wojtyla Sala general 09/04/2025 25 1254.00   616.89165 M5818 2019 105970 05/01/2026 Ej.2 1254.00 09/04/2025 Libro
    Dewey Decimal Classification     General Biblioteca Karol Wojtyla Biblioteca Karol Wojtyla Sala general 09/04/2025 25 1254.00   616.89165 M5818 2019 105969 05/01/2026   1254.00 09/04/2025 Libro